| Tag |
First Indicator |
Second Indicator |
Subfields |
| LEADER |
00000cas a2200000 a 4500 |
| 001 |
in00002016802 |
| 005 |
20151031145931.0 |
| 008 |
030806c20049999mduqr p 0 0eng c |
| 010 |
|
|
|a 2003215413
|
| 012 |
|
|
|l 1
|
| 022 |
0 |
|
|a 1545-8490
|
| 035 |
|
|
|a (OCoLC)ocm52799226
|
| 037 |
|
|
|b Institute for Operations Research and the Management Sciences, 901 Elkridge Landing Rd., Ste. 400, Linthicum, MD 21090
|
| 040 |
|
|
|a NSD
|c NSD
|d IXA
|d UtOrBLW
|
| 042 |
|
|
|a lcd
|
| 049 |
|
|
|a TXAM
|
| 050 |
1 |
4 |
|a HD30.23
|b .D435
|
| 245 |
0 |
0 |
|a Decision analysis.
|
| 263 |
|
|
|a 04--
|
| 264 |
|
1 |
|a Linthicum, Md. :
|b Institute for Operations Research and the Management Sciences,
|c [2004-]
|
| 264 |
|
4 |
|c ©2004-
|
| 300 |
|
|
|a volumes ;
|c 28 cm.
|
| 310 |
|
|
|a Quarterly
|
| 336 |
|
|
|a text
|b txt
|2 rdacontent
|
| 337 |
|
|
|a unmediated
|b n
|2 rdamedia
|
| 338 |
|
|
|a volume
|b nc
|2 rdacarrier
|
| 362 |
0 |
|
|a Vol. 1, no. 1 (Mar. 2004)-
|
| 530 |
|
|
|a Also available online.
|
| 650 |
|
0 |
|a Decision making
|v Periodicals.
|
| 710 |
2 |
|
|a Institute for Operations Research and the Management Sciences.
|
| 776 |
1 |
|
|t Decision analysis (Online)
|x 1545-8504
|w (DLC) 2003215414
|w (OCoLC)52799886
|
| 856 |
4 |
1 |
|x http://pubsonline.informs.org
|t 0
|
| 994 |
|
|
|a E0
|b TXA
|
| 999 |
|
|
|a MARS
|
| 999 |
f |
f |
|s c55f00ba-88be-3763-8f55-2a67d613d1dc
|i 03d41e1d-6724-3472-ad62-4fdfa625e3cf
|t 0
|
| 952 |
f |
f |
|p ric
|a Texas A&M University
|b Rellis Campus
|c Joint Library Facility
|d Remote Storage
|t 0
|e HD30.23 .D435
|h Library of Congress classification
|i unmediated -- volume
|k v.8
|l 2011
|m A14841283070
|
| 952 |
f |
f |
|p ric
|a Texas A&M University
|b Rellis Campus
|c Joint Library Facility
|d Remote Storage
|t 0
|e HD30.23 .D435
|h Library of Congress classification
|i unmediated -- volume
|k v.4
|l 2007
|m A14837291118
|
| 952 |
f |
f |
|p ric
|a Texas A&M University
|b Rellis Campus
|c Joint Library Facility
|d Remote Storage
|t 0
|e HD30.23 .D435
|h Library of Congress classification
|i unmediated -- volume
|k v.11:no.4
|l 2014:Dec.
|m A14850077844
|
| 952 |
f |
f |
|p ric
|a Texas A&M University
|b Rellis Campus
|c Joint Library Facility
|d Remote Storage
|t 0
|e HD30.23 .D435
|h Library of Congress classification
|i unmediated -- volume
|k v.13:no.2
|l 2016:June
|m A14850077851
|
| 952 |
f |
f |
|p ric
|a Texas A&M University
|b Rellis Campus
|c Joint Library Facility
|d Remote Storage
|t 0
|e HD30.23 .D435
|h Library of Congress classification
|i unmediated -- volume
|k v.14:no.2
|l 2017:June
|m A14835101163
|
| 952 |
f |
f |
|p ric
|a Texas A&M University
|b Rellis Campus
|c Joint Library Facility
|d Remote Storage
|t 0
|e HD30.23 .D435
|h Library of Congress classification
|i unmediated -- volume
|k v.3
|l 2006
|m A14835106333
|
| 952 |
f |
f |
|p ric
|a Texas A&M University
|b Rellis Campus
|c Joint Library Facility
|d Remote Storage
|t 0
|e HD30.23 .D435
|h Library of Congress classification
|i unmediated -- volume
|k v.12:no.3
|l 2015:Sept.
|m A14850077703
|
| 952 |
f |
f |
|p ric
|a Texas A&M University
|b Rellis Campus
|c Joint Library Facility
|d Remote Storage
|t 0
|e HD30.23 .D435
|h Library of Congress classification
|i unmediated -- volume
|k v.10
|l 2013
|m A14842237977
|
| 952 |
f |
f |
|p ric
|a Texas A&M University
|b Rellis Campus
|c Joint Library Facility
|d Remote Storage
|t 0
|e HD30.23 .D435
|h Library of Congress classification
|i unmediated -- volume
|k v.6
|l 2009
|m A14838983433
|
| 952 |
f |
f |
|p ric
|a Texas A&M University
|b Rellis Campus
|c Joint Library Facility
|d Remote Storage
|t 0
|e HD30.23 .D435
|h Library of Congress classification
|i unmediated -- volume
|k v.2
|l 2005
|m A14833452542
|
| 952 |
f |
f |
|p ric
|a Texas A&M University
|b Rellis Campus
|c Joint Library Facility
|d Remote Storage
|t 0
|e HD30.23 .D435
|h Library of Congress classification
|i unmediated -- volume
|k v.13:no.3
|l 2016:Sept.
|m A14850077729
|
| 952 |
f |
f |
|p ric
|a Texas A&M University
|b Rellis Campus
|c Joint Library Facility
|d Remote Storage
|t 0
|e HD30.23 .D435
|h Library of Congress classification
|i unmediated -- volume
|k v.9
|l 2012
|m A14841768758
|
| 952 |
f |
f |
|p ric
|a Texas A&M University
|b Rellis Campus
|c Joint Library Facility
|d Remote Storage
|t 0
|e HD30.23 .D435
|h Library of Congress classification
|i unmediated -- volume
|k v.11:no.2
|l 2014:June
|m A14850077570
|
| 952 |
f |
f |
|p ric
|a Texas A&M University
|b Rellis Campus
|c Joint Library Facility
|d Remote Storage
|t 0
|e HD30.23 .D435
|h Library of Congress classification
|i unmediated -- volume
|k v.12:no.4
|l 2015:Dec.
|m A14850077455
|
| 952 |
f |
f |
|p ric
|a Texas A&M University
|b Rellis Campus
|c Joint Library Facility
|d Remote Storage
|t 0
|e HD30.23 .D435
|h Library of Congress classification
|i unmediated -- volume
|k v.12:no.1
|l 2015:Mar.
|m A14850077711
|
| 952 |
f |
f |
|p ric
|a Texas A&M University
|b Rellis Campus
|c Joint Library Facility
|d Remote Storage
|t 0
|e HD30.23 .D435
|h Library of Congress classification
|i unmediated -- volume
|k v.13:no.4
|l 2016:Dec.
|m A14850077596
|
| 952 |
f |
f |
|p ric
|a Texas A&M University
|b Rellis Campus
|c Joint Library Facility
|d Remote Storage
|t 0
|e HD30.23 .D435
|h Library of Congress classification
|i unmediated -- volume
|k v.5
|l 2008
|m A14838831490
|
| 952 |
f |
f |
|p ric
|a Texas A&M University
|b Rellis Campus
|c Joint Library Facility
|d Remote Storage
|t 0
|e HD30.23 .D435
|h Library of Congress classification
|i unmediated -- volume
|k v.14:no.4
|l 2017:Dec.
|m A14826911137
|
| 952 |
f |
f |
|p ric
|a Texas A&M University
|b Rellis Campus
|c Joint Library Facility
|d Remote Storage
|t 0
|e HD30.23 .D435
|h Library of Congress classification
|i unmediated -- volume
|k v.13:no.1
|l 2016:Mar.
|m A14850077984
|
| 952 |
f |
f |
|p ric
|a Texas A&M University
|b Rellis Campus
|c Joint Library Facility
|d Remote Storage
|t 0
|e HD30.23 .D435
|h Library of Congress classification
|i unmediated -- volume
|k v.14:no.1
|l 2017:Mar.
|m A14852047076
|
| 952 |
f |
f |
|p ric
|a Texas A&M University
|b Rellis Campus
|c Joint Library Facility
|d Remote Storage
|t 0
|e HD30.23 .D435
|h Library of Congress classification
|i unmediated -- volume
|k v.11:no.3
|l 2014:Sept.
|m A14850077976
|
| 952 |
f |
f |
|p ric
|a Texas A&M University
|b Rellis Campus
|c Joint Library Facility
|d Remote Storage
|t 0
|e HD30.23 .D435
|h Library of Congress classification
|i unmediated -- volume
|k v.14:no.3
|l 2017:Sept.
|m A14829768282
|
| 952 |
f |
f |
|p ric
|a Texas A&M University
|b Rellis Campus
|c Joint Library Facility
|d Remote Storage
|t 0
|e HD30.23 .D435
|h Library of Congress classification
|i unmediated -- volume
|k v.7
|l 2010
|m A14841283119
|
| 952 |
f |
f |
|p ric
|a Texas A&M University
|b Rellis Campus
|c Joint Library Facility
|d Remote Storage
|t 0
|e HD30.23 .D435
|h Library of Congress classification
|i unmediated -- volume
|k v.11:no.1
|l 2014:Mar.
|m A14850077448
|
| 952 |
f |
f |
|p ric
|a Texas A&M University
|b Rellis Campus
|c Joint Library Facility
|d Remote Storage
|t 0
|e HD30.23 .D435
|h Library of Congress classification
|i unmediated -- volume
|k v.12:no.2
|l 2015:June
|m A14850077588
|
| 998 |
f |
f |
|a HD30.23 .D435
|s v.2-14 (2005-2017)
|t 0
|l Remote Storage
|